Sports Quiz

Random Sports Quiz
Score 0/190 Timer 20:00
0 Plays Today
Hint Answer % Correct
2016Lamar Jackson
97.2%
2017Lamar Jackson
97.2%
2011Robert Griffin III
96.2%
2006Troy Smith
95.3%
2006Calvin Johnson
95.3%
2009Mark Ingram
95.3%
2017Kerryon Johnson
95.3%
2017Roquan Smith
95.3%
2000Rudi Johnson
94.3%
2002Larry Johnson
94.3%
2004Alex Smith
94.3%
2004Reggie Bush
94.3%
2005Reggie Bush (Vacated)
94.3%
2006Ian Johnson
94.3%
2007Tim Tebow
94.3%
2007Kevin Smith
94.3%
2008Tim Tebow
94.3%
2009Tim Tebow
94.3%
2014Marcus Mariota
94.3%
2015Baker Mayfield
94.3%
2016Baker Mayfield
94.3%
2017Baker Mayfield
94.3%
2001Roy Williams
93.4%
2002Quentin Griffin
93.4%
2003Mike Williams
93.4%
2005DeAngelo Williams
93.4%
2013Andre Williams
93.4%
2018Quinnen Williams
93.4%
2003Jason White
92.5%
2004Jason White
92.5%
2007Pat White
92.5%
2008Pat White
92.5%
2010Cam Newton
92.5%
2013Jameis Winston
92.5%
2014Jameis Winston
92.5%
2018Kyler Murray
92.5%
2002Carson Palmer
91.5%
2010Andrew Luck
91.5%
2011Andrew Luck
91.5%
2012Johnny Manziel
91.5%
2013Johnny Manziel
91.5%
2005Vince Young
90.6%
2015Deshaun Watson
90.6%
2016Deshaun Watson
90.6%
2017Saquon Barkley
90.6%
2011Matt Barkley
89.6%
2015Christian McCaffrey
88.7%
2016Christian McCaffrey
88.7%
2003Larry Fitzgerald
87.7%
2003Matt Leinart
87.7%
2004Matt Leinart
87.7%
2004Adrian Peterson
87.7%
2005Matt Leinart
87.7%
2008Colt McCoy
87.7%
2009Colt McCoy
87.7%
2001Julius Peppers
86.8%
2003Eli Manning
86.8%
2013Derek Carr
86.8%
2016Jabrill Peppers
86.8%
2000Drew Brees
85.8%
2000Michael Vick
85.8%
2001David Carr
85.8%
2002Chris Brown
85.8%
2012Jarvis Jones
85.8%
Hint Answer % Correct
2015Derrick Henry
85.8%
2006Darren McFadden
84.9%
2007Darren McFadden
84.9%
2008Sam Bradford
84.9%
2012Manti Te'o
84.9%
2000Chris Weinke
84%
2004Aaron Rodgers
84%
2000LaDainian Tomlinson
83%
2001Eric Crouch
81.1%
2001Antwaan Randle El
81.1%
2003Ben Roethlisberger
80.2%
2005Brady Quinn
80.2%
2006Brady Quinn
80.2%
2008Michael Crabtree
80.2%
2009Case Keenum
80.2%
2010Andy Dalton
80.2%
2011Case Keenum
80.2%
2012Jordan Lynch
80.2%
2013A.J. McCarron
80.2%
2013Jordan Lynch
80.2%
2015Leonard Fournette
80.2%
2017Bryce Love
80.2%
2009Ndamukong Suh
79.2%
2014Amari Cooper
79.2%
2014Dak Prescott
79.2%
2007Matt Ryan
78.3%
2014Melvin Gordon
78.3%
2015Dalvin Cook
78.3%
2015Connor Cook
78.3%
2016Dalvin Cook
78.3%
2002Willis McGahee
77.4%
2003Philip Rivers
77.4%
2009Kellen Moore
77.4%
2010Kellen Moore
77.4%
2010Colin Kaepernick
77.4%
2011Kellen Moore
77.4%
2017Jonathan Taylor
77.4%
2018Jonathan Taylor
77.4%
2001Ken Dorsey
76.4%
2002Ken Dorsey
76.4%
2007Glenn Dorsey
76.4%
2011Russell Wilson
76.4%
2018Will Grier
76.4%
2018Dwayne Haskins
75.5%
2011Trent Richardson
74.5%
2018Tua Tagovailoa
74.5%
2012Jadeveon Clowney
73.6%
2002Byron Leftwich
72.6%
2006Colt Brennan
72.6%
2007Colt Brennan
72.6%
2012Braxton Miller
72.6%
2013Braxton Miller
72.6%
2006Ray Rice
70.8%
2007Chase Daniel
70.8%
2009Toby Gerhart
70.8%
2011Tyrann Mathieu
70.8%
2015Ezekiel Elliott
70.8%
2010LaMichael James
69.8%
2011LaMichael James
69.8%
2014J.T. Barrett
69.8%
2001Joey Harrington
68.9%
2011Montee Ball
67.9%
2006Steve Slaton
67%
2000Josh Heupel
66%
Hint Answer % Correct
2004Jason Campbell
66%
2004Braylon Edwards
66%
2005Michael Robinson
66%
2008Graham Harrell
66%
2010Denard Robinson
66%
2001Rex Grossman
65.1%
2003Darren Sproles
65.1%
2017McKenzie Milton
65.1%
2018McKenzie Milton
65.1%
2010Ryan Mallett
64.2%
2018Gardner Minshew
64.2%
2005A.J. Hawk
63.2%
2007Chris Long
63.2%
2009C.J. Spiller
63.2%
2010Justin Blackmon
63.2%
2013Bryce Petty
63.2%
2014Bryce Petty
63.2%
2017Mason Rudolph
63.2%
2002Kliff Kingsbury
61.3%
2016Dede Westbrook
61.3%
2009Golden Tate
59.4%
2002Brad Banks
58.5%
2012Collin Klein
58.5%
2018Trevis Etienne
58.5%
2004Cedric Benson
57.5%
2008Nate Davis
57.5%
2014Trevone Boykin
57.5%
2015Trevone Boykin
57.5%
2017Rashaad Penny
57.5%
2008Shonn Greene
56.6%
2012Tavon Austin
56.6%
2006Michael Hart
55.7%
2016Jonathan Allen
55.7%
2000Santana Moss
54.7%
2007Dennis Dixon
54.7%
2016Jake Browning
54.7%
2001Dwight Freeney
52.8%
2003Chris Perry
50.9%
2014Tevin Coleman
50.9%
2016D'Onta Foreman
48.1%
2005Elvis Dumervil
47.2%
2014Scooby Wright
47.2%
2015Keenan Reynolds
47.2%
2000Damien Anderson
43.4%
2001Bryant McKinnie
43.4%
2013Tre Mason
43.4%
2004J.J. Arrington
41.5%
2006Dwayne Jarrett
41.5%
2005Jerome Harrison
40.6%
2018Darrell Henderson
37.7%
2012Marqise Lee
36.8%
2003B.J. Symons
34.9%
2013Ka'Deem Carey
34%
2008Rey Maualuga
33%
2008Javon Ringer
33%
2009Mardy Gilyard
33%
2000Marques Tuiasosopo
31.1%
2012Kenjon Barner
31.1%
2005Drew Olson
27.4%
2000Ken Simonton
26.4%
2002Jason Gesser
26.4%
2010Owen Marecic
14.2%
Remove Ads.
Support Sporcle.
Get the best of Sporcle when you Go Orange. This ad-free experience offers more features, more stats, and more fun while also helping to support Sporcle. Thank you for becoming a member.

You're not logged in!

Compare scores with friends on all Sporcle quizzes.
OR
Log In

Show Comments

Extras

Created Dec 17, 2018ReportNominate
Tags:2000, finalist, Top 10

Top Quizzes Today


Score Distribution

Your Account Isn't Verified!

In order to create a playlist on Sporcle, you need to verify the email address you used during registration. Go to your Sporcle Settings to finish the process.

Report this User

Report this user for behavior that violates our Community Guidelines.

Details: